000 00213nam a22000857a 4500
008 170601b xxu||||| |||| 00| 0 eng d
100 _93191
_aShivkumar. K
245 _aKrishna and Sudama
260 _aNew Delhi
_bCBT
_c2001
999 _c6494
_d6494